000 00442nam a2200193Ia 4500
003 OSt
005 20251028103628.0
008 250729s1901 xx 000 0 und d
020 _a978-1846649219
040 _cAL
041 _aeng
082 _a954 LANR
100 _aLane-Poole Stanley
_9223467
245 _aAurangzeb-rulers of india
260 _aOxford
_c1901
300 _a212p
650 _aHistory
_9223468
942 _2ddc
_cBED
999 _c235921
_d235921